| 000 | 00373nam a2200133Ia 4500 | ||
|---|---|---|---|
| 008 | 220217s9999||||xx |||||||||||||| ||und|| | ||
| 020 | _a978-9380-02606-0 | ||
| 082 | _a621.382 4 KIS | ||
| 100 | _aKishore, Kamal | ||
| 245 | 0 | _aAntenna and wave propagation | |
| 260 |
_aIK International publishing house _bNew Delhi _c2009 |
||
| 300 | _b145 | ||
| 650 |
_aANTENNAS _9151 |
||
| 999 |
_c180063 _d180063 |
||